000 00471nam a2200181Ia 4500
001 12434
005 20260306162941.0
008 260306t2021||||xx |||||||||||||| ||spa||
041 _aESP
082 _aHR 346
_bENE 2021 ACI
110 _aInstituto Pacífico
245 0 _aActualidad civil :
_bcivil - procesal civil - registral - inmobiliario
260 _c2021
300 _a281 páginas :
_c24 cm.
650 _aGEN
654 _aCDE
942 _cREV
_dJUS
_fJUS
_2ddc
_n
999 _c12434
_d12434